Uma aventura nas férias de Natal (Registo nº 1264)

Detalhes MARC
000 -Etiqueta do registo
Cabeçalho 00711nam0a2200253 4500
005 - Identificador da versão
Campo de controlo 20240822202120.0
010 ## - Número internacional normalizado dos livros (ISBN)
Número (ISBN) 9789722100014
021 ## - Número do Depósito Legal
Código do país PT
Número 271 054/08
100 ## - Dados gerais de processamento
Dados gerais de processamento 20110217d de y0pory5003 ba
101 0# - Língua de publicação
Língua do texto, banda sonora, etc. Português
Língua do documento no original Português
102 ## - Pais de publicação ou produção
País de publicação Portugal
105 ## - Campo de dados codificados: livros
Dados codificados dos livros a z 001yy
106 ## - Campo de dados codificados: material textual
Dados codificados do material textual r
200 1# - Titulo e menção de responsabilidade
Título próprio Uma aventura nas férias de Natal
Primeira menção de responsabilidade Ana Maria Magalhães; Isabel Alçada
Outras menções de responsabilidade il. Arlindo Fagundes
205 ## - Menção da edição
Menção da edição 18ª ed.
210 ## - Publicação, Distribuição, etc. 
Lugar da edição, distribuição, etc. Lisboa
Nome do editor, distribuidor, etc. Editorial Caminho
Data da publicação, distribuição, etc. 2008
215 ## - Descrição física 
Indicação específica da natureza do documento e extensão da espécie 189 p.
Outras indicações físicas il.
Dimensões 18 cm.
225 2# - Colecção 
Título próprio da colecção uma aventura
Indicação de volume 2
700 #1 - Nome de autor-pessoa física (responsabilidade principal)
Número de registo de entrada de autoridade 0000169
Palavra de ordem Magalhães
Outra parte do nome não tomada para palavra de ordem Ana Maria
701 #1 - Nome de autor-pessoa física (co-responsabilidade principal)
Palavra de ordem Alçada
Outra parte do nome não tomada para palavra de ordem Isabel
Código de função Autor / Co-autor
702 #1 - Nome de autor-pessoa física (responsabilidade secundária)
Número de registo de entrada de autoridade 0001400
Palavra de ordem Fagundes
Outra parte do nome não tomada para palavra de ordem Arlindo
Código de função Ilustrador / Técnico de desenho computorizado
942 ## - Elementos de entrada adicionados (Koha)
Tipo de item no Koha Livro
Exemplares
Situação do levantamento Origin of item (home branch) (coded) Biblioteca de empréstimo Código de barras Cota Circulation type (not for loan) Tipo de documento Nota do exemplar Damaged status
  Biblioteca Escolar Eng. Nuno Mergulhão Biblioteca Escolar Eng. Nuno Mergulhão BENM2617 8POR MAG   Livro Sem mensagem